The riddle of latin America / (Record no. 764)

000 -LEADER
fixed length control field 00612nam a22002295a 4500
001 - CONTROL NUMBER
control field 16759720
003 - CONTROL NUMBER IDENTIFIER
control field OSt
005 - DATE AND TIME OF LATEST TRANSACTION
control field 20140116120837.0
008 - FIXED-LENGTH DATA ELEMENTS--GENERAL INFORMATION
fixed length control field 110503s2011 mau 000 0 eng
020 ## - INTERNATIONAL STANDARD BOOK NUMBER
International Standard Book Number 9780618153060
040 ## - CATALOGING SOURCE
Transcribing agency DLC
050 ## - LIBRARY OF CONGRESS CALL NUMBER
Classification number F1410.L36 2012
100 1# - MAIN ENTRY--PERSONAL NAME
Personal name Lane, Kris.
245 14 - TITLE STATEMENT
Title The riddle of latin America /
Statement of responsibility, etc Kris Lane and Matthew Restall.
260 ## - PUBLICATION, DISTRIBUTION, ETC. (IMPRINT)
Place of publication, distribution, etc Australia :
Name of publisher, distributor, etc Wadsworth Cengage Learning,
Date of publication, distribution, etc 2011.
300 ## - PHYSICAL DESCRIPTION
Extent ix, 353 p.
500 ## - GENERAL NOTE
General note Includes index.
650 ## - SUBJECT ADDED ENTRY--TOPICAL TERM
Topical term or geographic name as entry element Latin America-- History
700 ## - ADDED ENTRY--PERSONAL NAME
Personal name Restall, Matthew
942 ## - ADDED ENTRY ELEMENTS (KOHA)
Source of classification or shelving scheme
Koha item type Book
Holdings
Withdrawn status Lost status Source of classification or shelving scheme Damaged status Not for loan Home library Current library Date acquired Source of acquisition Total Checkouts Full call number Barcode Date last seen Copy number Price effective from Koha item type Date checked out
          Riara University Library Riara University Library 29/10/2011 Purchase   F1410.L36 2012 2467/11 29/10/2011 C.1 29/10/2011 Book  
          Riara University Library Riara University Library 29/10/2011 Purchase 2 F1410.L36 2012 2468/11 28/07/2015 C.2 29/10/2011 Book 09/06/2015
          Riara University Library Riara University Library 29/10/2011 Purchase   F1410.L36 2012 2469/11 29/10/2011 C.3 29/10/2011 Book  

Riara University Library,
P.O. Box 49940-00100,
Nairobi, Kenya.